UM Logo

Sociology 00/01/ (Record no. 4434)

MARC details
000 -LEADER
fixed length control field 00693nam a2200205 4500
008 - FIXED-LENGTH DATA ELEMENTS--GENERAL INFORMATION
fixed length control field 160910b xxu||||| |||| 00| 0 eng d
020 ## - INTERNATIONAL STANDARD BOOK NUMBER
International Standard Book Number 0-07-236581-1
082 ## - DEWEY DECIMAL CLASSIFICATION NUMBER
Edition number 2000
Classification number DC 301.05
Item number So1
245 ## - TITLE STATEMENT
Title Sociology 00/01/
Statement of responsibility, etc. edited by Kurt Finsterbusch.
250 ## - EDITION STATEMENT
Edition statement 29th edition
260 ## - PUBLICATION, DISTRIBUTION, ETC. (IMPRINT)
Place of publication, distribution, etc. Connecticut:
Name of publisher, distributor, etc. Duskin/McGraw-Hill,
Date of publication, distribution, etc. c2000.
300 ## - PHYSICAL DESCRIPTION
Extent x, 229 pages:
Other physical details illustrations;
Dimensions 28 cm.
440 ## - SERIES STATEMENT/ADDED ENTRY--TITLE
9 (RLIN) 14308
Title Annual editions
500 ## - GENERAL NOTE
General note Includes glossary and index.
650 #0 - SUBJECT ADDED ENTRY--TOPICAL TERM
9 (RLIN) 14305
Topical term or geographic name as entry element Sociology
650 #0 - SUBJECT ADDED ENTRY--TOPICAL TERM
9 (RLIN) 14307
Topical term or geographic name as entry element Social conditions
Geographic subdivision United States
650 #0 - SUBJECT ADDED ENTRY--TOPICAL TERM
9 (RLIN) 14309
Topical term or geographic name as entry element Social history
Geographic subdivision United States
700 ## - ADDED ENTRY--PERSONAL NAME
9 (RLIN) 14318
Personal name Finsterbusch, Kurt
Relator term Editor
942 ## - ADDED ENTRY ELEMENTS (KOHA)
Source of classification or shelving scheme Dewey Decimal Classification
Koha item type Circulation
Holdings
Withdrawn status Lost status Source of classification or shelving scheme Damaged status Not for loan Collection code Home library Current library Date acquired Total Checkouts Full call number Barcode Date last seen Price effective from Koha item type
    Dewey Decimal Classification     Circulation UM Digos College - LIC UM Digos College - LIC 03/25/2009   DC 301.05 So1 2000 20176 05/15/2025 09/10/2016 Circulation